[Event "Juste pour jouer"]
[Site "Montreal CAN"]
[Date "2012.10.06"]
[Round "2.26"]
[White "Montreuil, Carl"]
[Black "Lacroix, Serge"]
[Result "0-1"]
[WhiteElo "1211"]
[BlackElo "1784"]
[PlyCount "124"]
[GameId "2160767909444865"]
[EventDate "2012.10.05"]
[EventType "swiss"]
[EventRounds "7"]
[EventCountry "CAN"]
[SourceTitle "EXT 2022"]
[Source "ChessBase"]
[SourceDate "2021.10.06"]
[SourceVersion "1"]
[SourceVersionDate "2021.10.06"]
[SourceQuality "1"]

1. e4 e6 2. d4 d5 3. e5 b6 4. Nf3 Ba6 5. Bd3 Bxd3 6. Qxd3 c5 7. O-O Nc6 8. c3 Nge7 9. Bg5 Qd7 10. Nbd2 h6 11. Be3 Nf5 12. a3 Be7 13. h3 Rc8 14. Nh2 cxd4 15. Bxd4 Na5 16. f4 Nc4 17. Rab1 Nxd2 18. Qxd2 Ng3 19. Rf3 Ne4 20. Qe1 Bc5 21. f5 exf5 22. Kh1 Bxd4 23. cxd4 g6 24. Nf1 Rc4 25. Nd2 Rxd4 26. Nxe4 Rxe4 27. Re3 O-O 28. Rxe4 dxe4 29. Rd1 Qe7 30. Qg3 Rd8 31. Rc1 Re8 32. Qf4 Kg7 33. e6 Qxe6 34. g4 fxg4 35. hxg4 e3 36. Qd4+ Qe5 37. Qd7 e2 38. Re1 Re7 39. Qd2 Qe4+ 40. Kh2 Qxg4 41. Qc3+ Kh7 42. b4 Qf4+ 43. Kg2 Re5 44. Qf3 Rg5+ 45. Kf2 Qh2+ 46. Ke3 Rg3 47. Rxe2 Rxf3+ 48. Kxf3 Qxe2+ 49. Kxe2 f5 50. a4 f4 51. a5 bxa5 52. bxa5 Kg7 53. Kf3 g5 54. Kg4 Kf6 55. Kf3 Ke5 56. Kf2 Kd4 57. Kf3 Kc5 58. Kg4 Kb5 59. Kh5 f3 60. Kxh6 f2 61. Kxg5 f1=Q 62. a6 Kxa6 0-1

[Event "Juste pour jouer"]
[Site "Montreal CAN"]
[Date "2012.10.06"]
[Round "2.27"]
[White "Saha, Ananda"]
[Black "Rodrigue-Lemieux, Shawn"]
[Result "1-0"]
[WhiteElo "1559"]
[BlackElo "1138"]
[PlyCount "127"]
[GameId "2160767909444866"]
[EventDate "2012.10.05"]
[EventType "swiss"]
[EventRounds "7"]
[EventCountry "CAN"]
[SourceTitle "EXT 2022"]
[Source "ChessBase"]
[SourceDate "2021.10.06"]
[SourceVersion "1"]
[SourceVersionDate "2021.10.06"]
[SourceQuality "1"]

1. Nf3 c5 2. c4 e6 3. Nc3 d5 4. cxd5 exd5 5. d4 c4 6. Bg5 Be7 7. Bxe7 Nxe7 8. e3 Bg4 9. h3 Bh5 10. b3 Qa5 11. Rc1 b5 12. bxc4 dxc4 13. Be2 O-O 14. O-O Rc8 15. Qd2 b4 16. Nb1 c3 17. Qc2 Nd7 18. a3 bxa3 19. Qa2 c2 20. Nxa3 Rc3 21. Ra1 Rb8 22. Nxc2 Qxa2 23. Rxa2 a5 24. Na3 f6 25. Nb5 Rb3 26. Bc4+ Bf7 27. Bxb3 Bxb3 28. Rxa5 Bc2 29. Na3 Bd3 30. Rc1 Rb7 31. Ra8+ Kf7 32. Nc4 Ke6 33. Ra6+ Kd5 34. Rd6+ Ke4 35. Re6+ Kd5 36. Rxe7 Bxc4 37. e4+ Kd6 38. Rxd7+ Rxd7 39. Rxc4 Re7 40. Nd2 g6 41. Kf1 f5 42. f3 fxe4 43. fxe4 Ra7 44. Ke2 Ra3 45. Rc1 Rg3 46. Kf2 Rd3 47. Nf3 Rb3 48. Kg3 Re3 49. Kf4 Re2 50. g4 h6 51. d5 Rf2 52. Rc6+ Ke7 53. Rxg6 Kf7 54. Rxh6 Kg7 55. g5 Rg2 56. d6 Ra2 57. d7 Ra8 58. e5 Kf7 59. Kf5 Ke7 60. Rh7+ Kf8 61. Rh8+ Kg7 62. Rxa8 Kh7 63. d8=Q Kg7 64. Qc7# 1-0

[Event "Juste pour jouer"]
[Site "Montreal CAN"]
[Date "2012.10.06"]
[Round "2.29"]
[White "Dubois, Lorraine"]
[Black "Utepova, Alika"]
[Result "0-1"]
[WhiteElo "1090"]
[BlackElo "1351"]
[PlyCount "133"]
[GameId "2160767909444869"]
[EventDate "2012.10.05"]
[EventType "swiss"]
[EventRounds "7"]
[EventCountry "CAN"]
[SourceTitle "EXT 2022"]
[Source "ChessBase"]
[SourceDate "2021.10.06"]
[SourceVersion "1"]
[SourceVersionDate "2021.10.06"]
[SourceQuality "1"]

1. d4 Nf6 2. c4 g6 3. Nc3 d5 4. cxd5 Nxd5 5. e4 Nxc3 6. bxc3 Bg7 7. Nf3 Nd7 8. Bd3 c5 9. Rb1 O-O 10. O-O e6 11. Re1 b6 12. e5 Bb7 13. Be4 Qc7 14. Bf4 Bxe4 15. Rxe4 Qc6 16. Re3 Qd5 17. Qd2 Rfc8 18. Rd3 c4 19. Re3 b5 20. Qc2 a6 21. Qe4 Nb6 22. a4 Qxe4 23. Rxe4 Nxa4 24. Re3 a5 25. Rxb5 Rcb8 26. Rxb8+ Rxb8 27. Nd2 Nb2 28. h3 a4 29. Re1 Nd3 30. Ra1 Nxf4 31. Nxc4 Ne2+ 32. Kh2 Nxc3 33. Ra3 Rb3 34. Ra1 Bf8 35. Nd2 Rb2 36. Nc4 Rb1 37. Rxb1 Nxb1 38. Na5 a3 39. f4 Bb4 40. Nb3 Bc3 41. Nc1 Bb2 42. Na2 Nc3 43. Nb4 a2 44. Nxa2 Nxa2 45. g4 Bxd4 46. Kg3 Nb4 47. Kf3 Nd5 48. Ke4 Be3 49. f5 exf5+ 50. gxf5 gxf5+ 51. Kxf5 Bd2 52. e6 fxe6+ 53. Kxe6 Nf4+ 54. Kf5 Nxh3 55. Kg4 Nf2+ 56. Kh5 Kg7 57. Kh4 Kg6 58. Kg3 Ne4+ 59. Kg2 Kg5 60. Kf3 Kh4 61. Kg2 Bf4 62. Kf3 Kg5 63. Kg2 Kg4 64. Kg1 Bg3 65. Kg2 h5 66. Kh1 Nf2+ 67. Kg2 0-1

[Event "Juste pour jouer"]
[Site "Montreal CAN"]
[Date "2012.10.06"]
[Round "3"]
[White "Bond, Yvon"]
[Black "Labadie, Bernard"]
[Result "1/2-1/2"]
[WhiteElo "1428"]
[BlackElo "1290"]
[PlyCount "88"]
[GameId "2160767909444870"]
[EventDate "2012.10.05"]
[EventType "swiss"]
[EventRounds "7"]
[EventCountry "CAN"]
[SourceTitle "EXT 2022"]
[Source "ChessBase"]
[SourceDate "2021.10.06"]
[SourceVersion "1"]
[SourceVersionDate "2021.10.06"]
[SourceQuality "1"]

1. d4 Nf6 2. Nf3 e6 3. e3 c5 4. c3 d5 5. Nbd2 c4 6. g3 Bd7 7. Bg2 Bd6 8. O-O O-O 9. Re1 Bc6 10. Qc2 Ne4 11. Nxe4 dxe4 12. Nd2 f5 13. Nxc4 Bc7 14. b3 Nd7 15. Ba3 Rf6 16. Rad1 Qe8 17. Rd2 b5 18. Nb2 Rc8 19. c4 bxc4 20. Nxc4 Bd5 21. Qb2 Rb8 22. Rc1 Qd8 23. Rdc2 Rf7 24. Nd6 Bxd6 25. Bxd6 Ra8 26. Qa3 h5 27. Rc7 Nf6 28. Rxf7 Kxf7 29. Rc7+ Kg6 30. Rc1 Ne8 31. Be5 h4 32. Qb2 hxg3 33. hxg3 a5 34. a3 Qb6 35. Rb1 Ra7 36. Qc3 Nc7 37. Qc5 Qb7 38. Bxc7 Qxc7 39. Qxc7 Rxc7 40. b4 Rc3 41. bxa5 Rxa3 42. Rb5 Ra1+ 43. Kh2 Ra2 44. Kg1 Ra1+ 1/2-1/2

[Event "Juste pour jouer"]
[Site "Montreal CAN"]
[Date "2012.10.06"]
[Round "3"]
[White "Bureau, Robert"]
[Black "Yip, William"]
[Result "0-1"]
[WhiteElo "1357"]
[BlackElo "1629"]
[PlyCount "70"]
[GameId "2160767909444871"]
[EventDate "2012.10.05"]
[EventType "swiss"]
[EventRounds "7"]
[EventCountry "CAN"]
[SourceTitle "EXT 2022"]
[Source "ChessBase"]
[SourceDate "2021.10.06"]
[SourceVersion "1"]
[SourceVersionDate "2021.10.06"]
[SourceQuality "1"]

1. e4 c5 2. Nf3 d6 3. d4 cxd4 4. Nxd4 Nf6 5. Nc3 Nc6 6. Bc4 Qb6 7. Nxc6 bxc6 8. Bb3 e6 9. O-O Be7 10. Be3 Qc7 11. Re1 O-O 12. Qf3 Nd7 13. Bf4 e5 14. Be3 Nb6 15. Qg3 a5 16. a3 Kh8 17. h4 f5 18. Bg5 f4 19. Qf3 Bxg5 20. hxg5 Qe7 21. Qh5 Be6 22. Bxe6 Qxe6 23. f3 Nc4 24. Kf2 Nxb2 25. Rh1 Qg8 26. Rh3 g6 27. Qh4 Ra7 28. Rb1 Qc4 29. Qh6 Rg8 30. Rxb2 Qxc3 31. Rb8 Rxb8 32. Qxg6 Qd2+ 33. Kg1 Qe1+ 34. Kh2 Qg3+ 35. Rxg3 fxg3+ 0-1

[Event "Juste pour jouer"]
[Site "Montreal CAN"]
[Date "2012.10.06"]
[Round "3"]
[White "Gunn, Richard"]
[Black "Ouellet, Maili-Jade"]
[Result "0-1"]
[WhiteElo "1112"]
[BlackElo "1351"]
[PlyCount "55"]
[GameId "2160767909444872"]
[EventDate "2012.10.05"]
[EventType "swiss"]
[EventRounds "7"]
[EventCountry "CAN"]
[SourceTitle "EXT 2022"]
[Source "ChessBase"]
[SourceDate "2021.10.06"]
[SourceVersion "1"]
[SourceVersionDate "2021.10.06"]
[SourceQuality "1"]

1. Nf3 d5 2. d4 Nf6 3. Nc3 Bf5 4. Bf4 c6 5. e3 Nbd7 6. Be2 e6 7. O-O Bb4 8. a3 Bxc3 9. bxc3 O-O 10. c4 Re8 11. c5 b6 12. c4 bxc5 13. Qa4 cxd4 14. exd4 c5 15. cxd5 Nxd5 16. Bg3 Nc3 17. Qc4 Nxe2+ 18. Qxe2 cxd4 19. Nxd4 Bg6 20. Nc6 Qb6 21. Rfc1 Qb3 22. Rc4 Bd3 23. Rb4 Qxb4 24. Qxd3 Qb7 25. Bf4 Qxc6 26. Rc1 Qa4 27. Rc4 Qb5 28. Rb4 0-1

[Event "Juste pour jouer"]
[Site "Montreal CAN"]
[Date "2012.10.06"]
[Round "3"]
[White "Labadie, Bernard"]
[Black "Sonn, Eric"]
[Result "0-1"]
[WhiteElo "1290"]
[BlackElo "1543"]
[PlyCount "106"]
[GameId "2160767909444873"]
[EventDate "2012.10.05"]
[EventType "swiss"]
[EventRounds "7"]
[EventCountry "CAN"]
[SourceTitle "EXT 2022"]
[Source "ChessBase"]
[SourceDate "2021.10.06"]
[SourceVersion "1"]
[SourceVersionDate "2021.10.06"]
[SourceQuality "1"]

1. d4 Nf6 2. c4 e6 3. Bg5 h6 4. Bh4 Bb4+ 5. Nc3 d5 6. e3 c5 7. a3 Bxc3+ 8. bxc3 Nbd7 9. Bd3 cxd4 10. exd4 dxc4 11. Bxc4 Nb6 12. Bb3 Bd7 13. Qd3 Bc6 14. f3 O-O 15. Ne2 Nbd7 16. O-O Qa5 17. Be1 Qd8 18. c4 b6 19. Bh4 Nc5 20. Bxf6 Nxd3 21. Bxd8 Rfxd8 22. Rab1 g5 23. g3 h5 24. Bc2 Nc5 25. dxc5 Rd2 26. Bd1 bxc5 27. Nc3 f5 28. Na4 Rad8 29. Nxc5 Kf7 30. Ba4 Bxa4 31. Nxa4 R8d3 32. Rb7+ Kf6 33. Rb2 Rxb2 34. Nxb2 Rxa3 35. c5 Rc3 36. Ra1 Rxc5 37. Rxa7 Rc1+ 38. Kg2 Rc2+ 39. Kg1 Rxb2 40. Ra1 f4 41. Rf1 e5 42. gxf4 exf4 43. Rf2 Rxf2 44. Kxf2 g4 45. Kg2 Kg5 46. Kf2 Kh4 47. Kg2 Kg5 48. Kf2 Kf5 49. Kg2 Ke5 50. Kf2 Kd4 51. Ke2 Kc3 52. fxg4 hxg4 53. Kf2 Kd3 0-1

[Event "Juste pour jouer"]
[Site "Montreal CAN"]
[Date "2012.10.06"]
[Round "3"]
[White "Lalonde, Paul"]
[Black "Serban, Diana"]
[Result "1-0"]
[WhiteElo "1888"]
[BlackElo "1119"]
[PlyCount "87"]
[GameId "2160767909444874"]
[EventDate "2012.10.05"]
[EventType "swiss"]
[EventRounds "7"]
[EventCountry "CAN"]
[SourceTitle "EXT 2022"]
[Source "ChessBase"]
[SourceDate "2021.10.06"]
[SourceVersion "1"]
[SourceVersionDate "2021.10.06"]
[SourceQuality "1"]

1. e4 c5 2. Nf3 d6 3. d4 cxd4 4. Nxd4 Nf6 5. Nc3 g6 6. Be3 Bg7 7. f3 O-O 8. Bc4 a6 9. Qd2 b5 10. Bb3 Bb7 11. h4 Nc6 12. Nd5 Na5 13. Nxf6+ Bxf6 14. h5 Nxb3 15. axb3 d5 16. hxg6 hxg6 17. Bg5 e5 18. Bxf6 Qxf6 19. Nf5 gxf5 20. Rh6 Qe7 21. O-O-O Kg7 22. exf5 f6 23. Rdh1 Rh8 24. g4 Rag8 25. g5 Rxh6 26. Rxh6 Qf8 27. gxf6+ Kf7 28. Rh7+ Kxf6 29. Qh2 Rg7 30. Qh6+ Kxf5 31. Rxg7 Qf6 32. Qh7+ Ke6 33. Rg6 Qxg6 34. Qxg6+ Kd7 35. Qg7+ Kc6 36. Qxe5 Bc8 37. Kd2 Bb7 38. Ke3 Kc5 39. Qc7+ Bc6 40. b4+ Kxb4 41. Qxc6 Ka4 42. Qxa6+ Kb4 43. Qa3+ Kc4 44. Qc3# 1-0

[Event "Juste pour jouer"]
[Site "Montreal CAN"]
[Date "2012.10.06"]
[Round "3"]
[White "Lalumiere, Claude"]
[Black "Bergeron, Jean-Guy"]
[Result "1-0"]
[WhiteElo "1788"]
[BlackElo "1480"]
[PlyCount "65"]
[GameId "2160767909444875"]
[EventDate "2012.10.05"]
[EventType "swiss"]
[EventRounds "7"]
[EventCountry "CAN"]
[SourceTitle "EXT 2022"]
[Source "ChessBase"]
[SourceDate "2021.10.06"]
[SourceVersion "1"]
[SourceVersionDate "2021.10.06"]
[SourceQuality "1"]

1. e4 Nc6 2. Nc3 Nf6 3. f4 d5 4. e5 d4 5. exf6 dxc3 6. fxg7 Bxg7 7. bxc3 Bf5 8. Rb1 Qc8 9. Nf3 Qe6+ 10. Kf2 O-O-O 11. d4 Qxa2 12. Rb2 Qa1 13. Bd3 Bg4 14. h3 Be6 15. Qe2 Nxd4 16. cxd4 Rxd4 17. c3 Rd6 18. Ne5 Kb8 19. Re1 Qa5 20. Be4 Rb6 21. Rxb6 axb6 22. Be3 Bxe5 23. fxe5 Qxe5 24. Bd4 Qf4+ 25. Bf3 Rg8 26. Be5 Qh4+ 27. g3 Qxh3 28. Qe4 Qh2+ 29. Bg2 Bc8 30. Rh1 Qxg2+ 31. Kxg2 f6 32. Bxc7+ Kxc7 33. Qc4+ 1-0

[Event "Juste pour jouer"]
[Site "Montreal CAN"]
[Date "2012.10.06"]
[Round "3"]
[White "Lemieux, Serge"]
[Black "Zhang, Hou Han"]
[Result "1/2-1/2"]
[WhiteElo "1589"]
[BlackElo "1355"]
[PlyCount "107"]
[GameId "2160767909444876"]
[EventDate "2012.10.05"]
[EventType "swiss"]
[EventRounds "7"]
[EventCountry "CAN"]
[SourceTitle "EXT 2022"]
[Source "ChessBase"]
[SourceDate "2021.10.06"]
[SourceVersion "1"]
[SourceVersionDate "2021.10.06"]
[SourceQuality "1"]

1. d4 Nf6 2. Bg5 Ne4 3. Bf4 d6 4. f3 Nf6 5. e4 g6 6. c4 Bg7 7. Nc3 O-O 8. Rc1 Nbd7 9. Nge2 e5 10. Bg5 exd4 11. Nxd4 Nb6 12. Nd5 Be6 13. Be2 c5 14. Nxe6 fxe6 15. Nf4 Re8 16. O-O Qc7 17. b3 e5 18. Nd5 Nbxd5 19. cxd5 Qa5 20. Bd2 Qd8 21. Bb5 Nd7 22. b4 cxb4 23. Bxd7 Qxd7 24. Bxb4 Rac8 25. Qd2 Qb5 26. Kh1 Qb6 27. Rfd1 Bh6 28. Qxh6 Qxb4 29. Rxc8 Rxc8 30. Qh3 Qc5 31. Qe6+ Kh8 32. Qf6+ Kg8 33. h4 Rf8 34. Qe6+ Kg7 35. Rb1 b6 36. Qe7+ Rf7 37. Qg5 h6 38. Qd2 Rf4 39. Qe1 g5 40. hxg5 hxg5 41. Kh2 Rh4+ 42. Kg3 Qc7 43. Qe3 Rf4 44. Rc1 Qd7 45. Qc3 Rf7 46. Qe3 Qe7 47. Rh1 Qf6 48. Rc1 Qh6 49. Kf2 Qg6 50. g4 Qh6 51. Kg2 Qf6 52. Rc6 Rd7 53. a4 Qf4 54. Qc3 1/2-1/2

[Event "Juste pour jouer"]
[Site "Montreal CAN"]
[Date "2012.10.06"]
[Round "3"]
[White "Luo, Muhan"]
[Black "Perna-Fraser, David"]
[Result "0-1"]
[WhiteElo "1447"]
[BlackElo "1887"]
[PlyCount "102"]
[GameId "2160767909444877"]
[EventDate "2012.10.05"]
[EventType "swiss"]
[EventRounds "7"]
[EventCountry "CAN"]
[SourceTitle "EXT 2022"]
[Source "ChessBase"]
[SourceDate "2021.10.06"]
[SourceVersion "1"]
[SourceVersionDate "2021.10.06"]
[SourceQuality "1"]

1. d4 Nf6 2. c4 e6 3. Nf3 d5 4. e3 c6 5. Nc3 Nbd7 6. a4 Bd6 7. Be2 O-O 8. O-O Re8 9. Qc2 e5 10. cxd5 cxd5 11. dxe5 Nxe5 12. Rd1 Be6 13. b3 Rc8 14. Bb2 Ne4 15. Rac1 Ng4 16. Rf1 Bb4 17. Qd3 Bf5 18. Qd4 Nxc3 19. Bxc3 Bxc3 20. Rxc3 Rxc3 21. Qxc3 Qb6 22. Nd4 Rc8 23. Qd2 Bd7 24. Rc1 Rxc1+ 25. Qxc1 Ne5 26. Nb5 a6 27. Qc7 Qxc7 28. Nxc7 Be6 29. a5 Nc6 30. Bf3 Nxa5 31. Nxd5 Nxb3 32. Nb6 Nc5 33. Kf1 Kf8 34. Ke2 a5 35. Kd2 a4 36. Bd5 Bxd5 37. Nxd5 Ne4+ 38. Ke2 b5 39. Nb4 Ke7 40. f3 Nc5 41. Kd2 Kd6 42. Kc3 h5 43. g3 Ne6 44. h4 g5 45. Nc2 Kc5 46. f4 gxf4 47. exf4 Ng7 48. Ne3 b4+ 49. Kb2 a3+ 50. Kb3 Ne6 51. Nf5 Nd4+ 0-1

[Event "Juste pour jouer"]
[Site "Montreal CAN"]
[Date "2012.10.06"]
[Round "3"]
[White "Poulin, Marc"]
[Black "Kay, Sang Kill"]
[Result "0-1"]
[WhiteElo "1117"]
[BlackElo "1567"]
[PlyCount "71"]
[GameId "2160767909444878"]
[EventDate "2012.10.05"]
[EventType "swiss"]
[EventRounds "7"]
[EventCountry "CAN"]
[SourceTitle "EXT 2022"]
[Source "ChessBase"]
[SourceDate "2021.10.06"]
[SourceVersion "1"]
[SourceVersionDate "2021.10.06"]
[SourceQuality "1"]

1. d4 d5 2. c4 Nf6 3. Nc3 e6 4. cxd5 exd5 5. Bg5 Bb4 6. Qc2 h6 7. Bh4 Nc6 8. e3 g5 9. Bg3 Ne4 10. Nge2 Bf5 11. Qb3 Be6 12. a3 Bxc3+ 13. Nxc3 Na5 14. Qa4+ c6 15. Nxe4 dxe4 16. Qc2 Nb3 17. Rd1 Qa5+ 18. Rd2 Nxd2 19. Qxd2 Qxd2+ 20. Kxd2 f6 21. Be2 h5 22. h4 g4 23. Rc1 Bd5 24. b4 b5 25. Bd6 Kd7 26. Bc5 a5 27. g3 Rhc8 28. Bd1 axb4 29. axb4 Ra6 30. Rc4 Bxc4 31. Bc2 f5 32. Bd1 Ke6 33. Bc2 Kd5 34. Ke1 Rc7 35. Bd1 Rf7 36. Kd2 0-1

[Event "Juste pour jouer"]
[Site "Montreal CAN"]
[Date "2012.10.06"]
[Round "3"]
[White "Rodrigue-Lemieux, Shawn"]
[Black "Montreuil, Carl"]
[Result "1-0"]
[WhiteElo "1138"]
[BlackElo "1211"]
[PlyCount "105"]
[GameId "2160767909444879"]
[EventDate "2012.10.05"]
[EventType "swiss"]
[EventRounds "7"]
[EventCountry "CAN"]
[SourceTitle "EXT 2022"]
[Source "ChessBase"]
[SourceDate "2021.10.06"]
[SourceVersion "1"]
[SourceVersionDate "2021.10.06"]
[SourceQuality "1"]

1. e4 c5 2. Nf3 e6 3. d4 d5 4. Bb5+ Bd7 5. Bxd7+ Nxd7 6. exd5 exd5 7. Bf4 Ngf6 8. Nc3 Be7 9. O-O O-O 10. Re1 cxd4 11. Nxd4 Bc5 12. Nf5 Qb6 13. Rb1 Bxf2+ 14. Kh1 Bxe1 15. Qxe1 Rfe8 16. Qh4 Rac8 17. Qh3 Qxb2 18. Qg3 Qxb1+ 19. Nxb1 g6 20. Nd6 Ne4 21. Nxe4 Rxe4 22. c3 Re2 23. a3 Rce8 24. Bd2 Nf6 25. Kg1 Ne4 26. Qd3 Nc5 27. Qxd5 Ne6 28. Kf1 Ng7 29. Qxb7 Nf5 30. Qxa7 Nh4 31. Qd7 R2e7 32. Qd4 Nf5 33. Qf6 Re6 34. Qg5 Rb8 35. g4 Rxb1+ 36. Kf2 Nd6 37. Qd8+ Ne8 38. c4 Ra1 39. Bb4 Ra2+ 40. Kg3 h5 41. Be7 Kg7 42. Qxe8 h4+ 43. Kh3 Re3+ 44. Kxh4 Rxh2+ 45. Kg5 Re5+ 46. Kf4 Rxe7 47. Qxe7 Rf2+ 48. Kg5 Rb2 49. Qe5+ Kh7 50. Qxb2 f6+ 51. Kxf6 g5 52. Qb7+ Kh8 53. Qg7# 1-0

[Event "Juste pour jouer"]
[Site "Montreal CAN"]
[Date "2012.10.06"]
[Round "3"]
[White "Sonn, Eric"]
[Black "Tinica, Gabriel"]
[Result "1-0"]
[WhiteElo "1543"]
[BlackElo "958"]
[PlyCount "65"]
[GameId "2160767909444880"]
[EventDate "2012.10.05"]
[EventType "swiss"]
[EventRounds "7"]
[EventCountry "CAN"]
[SourceTitle "EXT 2022"]
[Source "ChessBase"]
[SourceDate "2021.10.06"]
[SourceVersion "1"]
[SourceVersionDate "2021.10.06"]
[SourceQuality "1"]

1. e4 c5 2. Nf3 d6 3. b4 cxb4 4. d4 Nf6 5. Bd3 g6 6. Bb2 Bg7 7. O-O O-O 8. Nbd2 Bg4 9. h3 Bd7 10. Re1 Qc7 11. Rc1 a5 12. Bc4 b5 13. Bd3 a4 14. e5 dxe5 15. dxe5 Ne8 16. Qe2 a3 17. Ba1 Nc6 18. Ng5 Qb8 19. e6 fxe6 20. Nxe6 Rf7 21. Bxb5 Bxa1 22. Rxa1 Ra5 23. Bc4 Kh8 24. Nf3 Nd6 25. Bb3 Raf5 26. Rad1 Na5 27. Bd5 Nb5 28. Ne5 R7f6 29. Nxd7 Qa7 30. Nec5 Nc3 31. Qxe7 Nxd1 32. Nxf6 Nc3 33. Qf8# 1-0

[Event "Juste pour jouer"]
[Site "Montreal CAN"]
[Date "2012.10.06"]
[Round "3"]
[White "Vera, Jesus"]
[Black "Saine, Zachary"]
[Result "1-0"]
[WhiteElo "1332"]
[BlackElo "1459"]
[PlyCount "85"]
[GameId "2160767909444881"]
[EventDate "2012.10.05"]
[EventType "swiss"]
[EventRounds "7"]
[EventCountry "CAN"]
[SourceTitle "EXT 2022"]
[Source "ChessBase"]
[SourceDate "2021.10.06"]
[SourceVersion "1"]
[SourceVersionDate "2021.10.06"]
[SourceQuality "1"]

1. e4 e5 2. Nf3 Nc6 3. Bb5 Nf6 4. O-O d6 5. Re1 Be7 6. c3 O-O 7. Bxc6 bxc6 8. d4 exd4 9. cxd4 d5 10. e5 Ne4 11. Nc3 Nxc3 12. bxc3 c5 13. Be3 cxd4 14. cxd4 f6 15. h3 Qe8 16. Qe2 Qg6 17. Nh4 Qf7 18. Rac1 Bd8 19. Nf3 a5 20. Rc5 Bb7 21. Rb1 c6 22. Bd2 Ba6 23. Qe1 Bb5 24. a4 Bxa4 25. Bxa5 Bb5 26. Bb4 Be7 27. Rcc1 Bxb4 28. Rxb4 fxe5 29. Nxe5 Qe6 30. Rb3 Ra2 31. Re3 Qf5 32. Rf3 Qe6 33. Rxf8+ Kxf8 34. Qc3 Ra4 35. Qc5+ Qe7 36. Qc3 Qe6 37. Ra1 Rxa1+ 38. Qxa1 Ke7 39. Qa3+ Kf6 40. Qf8+ Kg5 41. Qxg7+ Kf4 42. Qxh7 Qf5 43. Qh4+ 1-0

[Event "Juste pour jouer"]
[Site "Montreal CAN"]
[Date "2012.10.06"]
[Round "3.17"]
[White "Wang, Kelly"]
[Black "Turcotte, Jonathan"]
[Result "0-1"]
[WhiteElo "1683"]
[BlackElo "1907"]
[PlyCount "56"]
[GameId "2160767909444882"]
[EventDate "2012.10.05"]
[EventType "swiss"]
[EventRounds "7"]
[EventCountry "CAN"]
[SourceTitle "EXT 2022"]
[Source "ChessBase"]
[SourceDate "2021.10.06"]
[SourceVersion "1"]
[SourceVersionDate "2021.10.06"]
[SourceQuality "1"]

1. e4 c6 2. d4 d5 3. exd5 cxd5 4. Nc3 Nc6 5. Be2 Bf5 6. Nf3 e6 7. a3 Bd6 8. Be3 Nf6 9. Nb5 Be7 10. Bf4 Rc8 11. Nc3 h6 12. Ne5 O-O 13. O-O a6 14. a4 Re8 15. Re1 Bb4 16. Bh5 Nxe5 17. dxe5 Nxh5 18. Qxh5 Qe7 19. Bd2 Bxc2 20. Qg4 Rc4 21. Qe2 Bg6 22. Rac1 Rec8 23. f3 Qd7 24. Qd1 Qc6 25. Ne2 Rxc1 26. Nxc1 Bxd2 27. Qxd2 Qb6+ 28. Kf1 Rc2 0-1

[Event "Juste pour jouer"]
[Site "Montreal CAN"]
[Date "2012.10.06"]
[Round "3.20"]
[White "Heredia, Jose"]
[Black "Leung, Chin"]
[Result "1-0"]
[WhiteElo "1508"]
[BlackElo "1767"]
[PlyCount "61"]
[GameId "2160767909444884"]
[EventDate "2012.10.05"]
[EventType "swiss"]
[EventRounds "7"]
[EventCountry "CAN"]
[SourceTitle "EXT 2022"]
[Source "ChessBase"]
[SourceDate "2021.10.06"]
[SourceVersion "1"]
[SourceVersionDate "2021.10.06"]
[SourceQuality "1"]

1. e4 c5 2. Nf3 d6 3. d4 cxd4 4. Nxd4 Nf6 5. Nc3 g6 6. Be3 Bg7 7. f3 O-O 8. Qd2 Nc6 9. Bc4 Bd7 10. O-O-O Rb8 11. Nxc6 bxc6 12. Bh6 Qb6 13. Bb3 c5 14. Bxg7 Kxg7 15. Nd5 Nxd5 16. exd5 f6 17. c4 a5 18. Qc3 Rb7 19. Rhe1 Kf7 20. Re2 Rfb8 21. Rde1 Be8 22. Qd2 a4 23. Qh6 Kg8 24. Bd1 g5 25. b3 Qb4 26. Bc2 Bg6 27. Rxe7 Qa3+ 28. Kd2 Qb4+ 29. Kd1 Bxc2+ 30. Kxc2 axb3+ 31. Kd3 1-0

[Event "Juste pour jouer"]
[Site "Montreal CAN"]
[Date "2012.10.06"]
[Round "3.22"]
[White "Lacroix, Serge"]
[Black "Utepova, Alika"]
[Result "1/2-1/2"]
[WhiteElo "1784"]
[BlackElo "1351"]
[PlyCount "118"]
[GameId "2160767909444885"]
[EventDate "2012.10.05"]
[EventType "swiss"]
[EventRounds "7"]
[EventCountry "CAN"]
[SourceTitle "EXT 2022"]
[Source "ChessBase"]
[SourceDate "2021.10.06"]
[SourceVersion "1"]
[SourceVersionDate "2021.10.06"]
[SourceQuality "1"]

1. e4 c5 2. Nf3 d6 3. d4 cxd4 4. Nxd4 Nf6 5. Nc3 a6 6. a4 Nc6 7. Be2 e5 8. Nb3 Be6 9. Be3 Be7 10. O-O O-O 11. f4 Rc8 12. Bf3 Nb4 13. a5 b5 14. axb6 exf4 15. Bf2 d5 16. exd5 Nfxd5 17. Bxd5 Bxd5 18. Nxd5 Qxd5 19. Qxd5 Nxd5 20. c3 Ne3 21. Rfe1 Rc6 22. Rxa6 Rb8 23. Bxe3 fxe3 24. Rxe3 Bd6 25. Nd4 Rcxb6 26. Rxb6 Rxb6 27. Re8+ Bf8 28. b4 g6 29. g4 Kg7 30. h4 h6 31. h5 Bd6 32. hxg6 fxg6 33. Kg2 Bf4 34. Ne6+ Kf7 35. Rf8+ Kxe6 36. Rxf4 Rc6 37. c4 Ke5 38. Kf3 Ra6 39. Re4+ Kd6 40. Rd4+ Ke5 41. Rd5+ Ke6 42. Ra5 Rd6 43. Ke4 Rd1 44. Ra6+ Kf7 45. b5 h5 46. gxh5 gxh5 47. b6 Rb1 48. c5 h4 49. Ra7+ Ke6 50. Rh7 Rb4+ 51. Kd3 Kd5 52. Rh5+ Kc6 53. Kc3 Rg4 54. Rh6+ Kxc5 55. b7 Rg3+ 56. Kc2 Rg8 57. Rxh4 Rb8 58. Rh7 Kc6 59. Kc3 Rxb7 1/2-1/2

[Event "Juste pour jouer"]
[Site "Montreal CAN"]
[Date "2012.10.06"]
[Round "3.25"]
[White "Zhou, Jiehan"]
[Black "Jacques, Simon"]
[Result "1-0"]
[WhiteElo "1811"]
[BlackElo "1429"]
[PlyCount "25"]
[GameId "2160767909444886"]
[EventDate "2012.10.05"]
[EventType "swiss"]
[EventRounds "7"]
[EventCountry "CAN"]
[SourceTitle "EXT 2022"]
[Source "ChessBase"]
[SourceDate "2021.10.06"]
[SourceVersion "1"]
[SourceVersionDate "2021.10.06"]
[SourceQuality "1"]

1. e4 c5 2. Nf3 Nc6 3. d4 cxd4 4. Nxd4 e5 5. Nb5 Nf6 6. N1c3 Bb4 7. Nd6+ Bxd6 8. Qxd6 a6 9. Bg5 Qe7 10. O-O-O h6 11. Bxf6 Qxf6 12. Qxf6 gxf6 13. Nd5 1-0

[Event "Juste pour jouer"]
[Site "Montreal CAN"]
[Date "2012.10.06"]
[Round "3.26"]
[White "Amesse, Louis-Philippe"]
[Black "Spaulding, Derrick"]
[Result "0-1"]
[WhiteElo "1741"]
[BlackElo "1396"]
[PlyCount "48"]
[GameId "2160767909444887"]
[EventDate "2012.10.05"]
[EventType "swiss"]
[EventRounds "7"]
[EventCountry "CAN"]
[SourceTitle "EXT 2022"]
[Source "ChessBase"]
[SourceDate "2021.10.06"]
[SourceVersion "1"]
[SourceVersionDate "2021.10.06"]
[SourceQuality "1"]

1. e4 d5 2. exd5 Qxd5 3. Nc3 Qa5 4. d4 Nf6 5. Bd2 Qb6 6. Nf3 Bg4 7. h3 Bxf3 8. Qxf3 Nc6 9. Bb5 e6 10. O-O Bd6 11. Bxc6+ bxc6 12. Bg5 Nd5 13. Nxd5 cxd5 14. Qc3 O-O 15. b3 Rfe8 16. Qd3 c5 17. Be3 cxd4 18. Bxd4 Qc6 19. Rac1 Bc7 20. c4 Qd6 21. g3 dxc4 22. Rxc4 e5 23. Rfc1 Bb6 24. Qf3 exd4 0-1